|
|
|
|
| LEADER |
00000naa0a2200000 4500 |
| 001 |
602863 |
| 005 |
20250306134537.0 |
| 035 |
|
|
|a (RuTPU)RU\TPU\tpu\29768
|
| 035 |
|
|
|a RU\TPU\prd\32976
|
| 090 |
|
|
|a 602863
|
| 100 |
|
|
|a 20210406d2004 k||y0rusy50 ca
|
| 101 |
0 |
|
|a rus
|
| 102 |
|
|
|a RU
|
| 200 |
1 |
|
|a Особенности методического обеспечения преподавания физики в системе открытого образования в области техники и технологии
|f В. В. Ларионов
|
| 225 |
1 |
|
|a Вопросы дидактики
|
| 320 |
|
|
|a Библиогр.: 11 назв.
|
| 333 |
|
|
|a В фонде НТБ ТПУ отсутствует
|
| 461 |
|
|
|x 1818-4243
|t Открытое образование
|o научно-практический журнал
|d 2001-
|
| 463 |
|
|
|t № 4
|v С. 15-20
|d 2004
|
| 610 |
1 |
|
|a открытое образование
|
| 610 |
1 |
|
|a физика
|
| 610 |
1 |
|
|a преполдавание
|
| 610 |
1 |
|
|a методическое обеспечение
|
| 610 |
1 |
|
|a виртуальные лабораторные практикумы
|
| 610 |
1 |
|
|a проблемно-ориентированное обучение
|
| 610 |
1 |
|
|a труды учёных ТПУ
|
| 700 |
|
1 |
|a Ларионов
|b В. В.
|c физик
|c профессор Томского политехнического университета, доктор педагогических наук
|f 1945-
|g Виталий Васильевич
|3 (RuTPU)RU\TPU\pers\25193
|9 11273
|
| 801 |
|
1 |
|a RU
|b 63413507
|c 20050222
|g PSBO
|
| 801 |
|
2 |
|a RU
|b 63413507
|c 20220111
|g RCR
|
| 942 |
|
|
|c CR
|